Nemecký jazyk ako komunikačné médium vedy, hospodárstva, práva a medzinárodných vzťahov

Nemecký jazyk ako jazyk vedy, medzinárodných obchodných vzťahov, práva a zahraničnej politiky a diplomacie. Historický rámec problematiky. Meniaca sa pozíciu nemeckého jazyka v Európe a vo svete vzhľadom na dominanciu anglického jazyka. Interdisciplinárny prístup ku skúmanej problematike.

Saved in:
Bibliographic Details
Main Author: Čiefová, Michaela, 1991-
Other Authors: Rak, Pavol
Format: Book Chapter
Language:Slovak
Subjects:
Tags: Add Tag
No Tags, Be the first to tag this record!

MARC

LEADER 00000naa$a2200000$$$4500
001 0271500
005 20240502074257.0
041 0 |a slo 
044 |a SK 
245 1 0 |a Nemecký jazyk ako komunikačné médium vedy, hospodárstva, práva a medzinárodných vzťahov  |c Michaela Čiefová, Pavol Rak 
520 |a Nemecký jazyk ako jazyk vedy, medzinárodných obchodných vzťahov, práva a zahraničnej politiky a diplomacie. Historický rámec problematiky. Meniaca sa pozíciu nemeckého jazyka v Európe a vo svete vzhľadom na dominanciu anglického jazyka. Interdisciplinárny prístup ku skúmanej problematike. 
610 2 0 |a nemčina 
610 2 0 |a vzťahy medzinárodné 
610 2 0 |a diplomacia 
610 2 0 |a obchod medzinárodný 
610 2 0 |a právo 
100 1 |a Čiefová, Michaela, 1991- 
700 1 |a Rak, Pavol